Estudio de Opinión Pública Unimer RI - La Nación mayo - junio 2000: efectuada entre el 22 y el 31 de mayo /

Gespeichert in:
Bibliographische Detailangaben
1. Verfasser: Paniagua, Carlos G.
Körperschaft: Unimer Research International
Weitere Verfasser: García S, Cathalina
Format: Text
Veröffentlicht: San José: Unimer
Tags: Tag hinzufügen
Keine Tags, Fügen Sie den ersten Tag hinzu!

MARC

LEADER 00000 a a2200000 04500
001 27712
003
040
090 |a 185911  |b ENCUESTA  
100 |a Paniagua, Carlos G.  
110 |a Unimer Research International  
245 |a Estudio de Opinión Pública Unimer RI - La Nación mayo - junio 2000: efectuada entre el 22 y el 31 de mayo /  |c Carlos G. Paniagua  
260 |a San José:   |b Unimer  
300 |a 85 p. y s.p; 2 vol.   |b **no definido**   |b fonodiscos  
700 |a García S, Cathalina  
999 |c 16711  |d 16711